Barney's I Love You Song Quiz Stats

 Plays Quiz Updated Apr 2, 2013

Challenge
Share
Tweet
Embed
Score 0/61 Timer 02:00
0 Plays Today
% Correct
I
99.9%
I
99.9%
love
99.8%
love
99.8%
love
99.8%
love
99.8%
love
99.8%
love
99.8%
you
99.7%
You
99.7%
you
99.7%
you
99.7%
you
99.7%
you
99.7%
You
99.7%
you
99.7%
you
99.7%
you
99.7%
me
99.2%
me
99.2%
me
99.2%
me
99.2%
me
99.2%
me
99.2%
a
98%
a
98%
a
97.9%
a
97.9%
a
97.9%
family
95.1%
We're
93.7%
% Correct
We're
93.7%
happy
92%
with
91.7%
With
91.7%
and
91.2%
and
91.2%
to
90.6%
to
90.6%
big
89.7%
big
89.7%
hug
89.6%
hug
89.6%
kiss
88.2%
kiss
88.2%
from
87.3%
from
87.3%
great
86.8%
great
86.8%
too
81.6%
too
81.6%
say
75.4%
say
75.4%
Won't
73.7%
Won't
73.7%
be
47.8%
friends
40.4%
friends
40.4%
best
36.5%
like
33.8%
should
33.4%

You're not logged in!

Compare scores with friends on all Sporcle quizzes.
OR
Log In

You Might Also Like...

Show Comments

Extras

Top Quizzes Today


Score Distribution

Your Account Isn't Verified!

In order to create a playlist on Sporcle, you need to verify the email address you used during registration. Go to your Sporcle Settings to finish the process.

Report this User

Report this user for behavior that violates our Community Guidelines.

Details: